Matemática elemental desde un punto de vista superior / (Record no. 86653)

MARC details
000 -LEADER
campo de control de longitud fija 00665nam a2200205 i 4500
001 - NÚMERO DE CONTROL
campo de control 86653
003 - IDENTIFICADOR DE NÚMERO DE CONTROL
campo de control ES-MaACL
005 - FECHA Y HORA DE LA ÚLTIMA TRANSACCIÓN
campo de control 20230906175509.0
007 - CAMPO FIJO DE DESCRIPCIÓN FÍSICA--INFORMACIÓN GENERAL
campo de control de longitud fija t|
008 - DATOS DE LONGITUD FIJA--INFORMACIÓN GENERAL
campo de control de longitud fija 041214m19271931sp ||||1| spa d
100 1# - ENTRADA PRINCIPAL--NOMBRE DE PERSONA
Nombre de persona Klein, Felix.
9 (RLIN) 68209
245 10 - MENCIÓN DEL TÍTULO
Título Matemática elemental desde un punto de vista superior /
Mención de responsabilidad, etc. Felix Klein ; traducción de Roberto Araujo [y B. Fontanilla].
260 ## - PUBLICACIÓN, DISTRIBUCIÓN, ETC.
Lugar de publicación, distribución, etc. Madrid :
Nombre del editor, distribuidor, etc. [s.n.,
Fecha de publicación, distribución, etc. 1927-1931] (
Lugar de fabricación/manufactura Cuenca :
Fabricante Ruiz de Lara)
300 ## - DESCRIPCIÓN FÍSICA
Extensión 2 v. ;
Dimensiones 24 cm.
490 1# - MENCIÓN DE SERIE
Mención de serie Biblioteca matemática
700 1# - ENTRADA AGREGADA--NOMBRE PERSONAL
Nombre de persona Araujo, Roberto.
9 (RLIN) 151793
830 0# - PUNTO DE ACCESO ADICIONAL DE SERIE-TÍTULO UNIFORME
Título uniforme Biblioteca matemática
9 (RLIN) 189186
852 ## - LOCALIZACIÓN
Ubicación ES-MaACL
Número de control de estantería A-1198-99
Holdings
Estatus retirado Estado de pérdida Estado de daño No para préstamo Biblioteca de origen Biblioteca actual Ubicación en estantería Fecha de adquisición Fuente de adquisición Total de préstamos Signatura topográfica completa Código de barras Visto por última vez Precio de reemplazo Tipo de ítem Koha
        Biblioteca del Ateneo de Madrid Biblioteca del Ateneo de Madrid Sala Pecera Planta 1 17/01/2008     A-1198-99 1090540 23/02/2023 23/02/2023 Libro impreso